|
|
|
|
| LEADER |
00000cam a22000004a 4500 |
| 001 |
musev2_5210 |
| 003 |
MdBmJHUP |
| 005 |
20230905040626.0 |
| 006 |
m o d |
| 007 |
cr||||||||nn|n |
| 008 |
060725s2007 nyu o 00 0 eng d |
| 010 |
|
|
|z 2006023866
|
| 020 |
|
|
|a 9780791479926
|
| 020 |
|
|
|z 0791471195
|
| 020 |
|
|
|z 9780791471197
|
| 035 |
|
|
|a (OCoLC)172983564
|
| 040 |
|
|
|a MdBmJHUP
|c MdBmJHUP
|
| 043 |
|
|
|a e-uk-en
|
| 050 |
0 |
4 |
|a PR6045.O72
|b Z5613 2007
|
| 082 |
0 |
|
|a 823/.912
|2 22
|
| 100 |
1 |
|
|a Blair, Emily,
|d 1955-
|
| 245 |
1 |
0 |
|a Virginia Woolf and the Nineteenth-Century Domestic Novel /
|c Emily Blair.
|
| 264 |
|
1 |
|a Albany :
|b State University of New York Press,
|c 2007.
|
| 264 |
|
3 |
|a Baltimore, Md. :
|b Project MUSE,
|c 2012
|
| 264 |
|
4 |
|c ©2007.
|
| 300 |
|
|
|a 1 online resource (300 pages).
|
| 336 |
|
|
|a text
|b txt
|2 rdacontent
|
| 337 |
|
|
|a computer
|b c
|2 rdamedia
|
| 338 |
|
|
|a online resource
|b cr
|2 rdacarrier
|
| 502 |
|
|
|a Originally presented as the author's thesis (Ph. D.)--University of California, Davis, 2002.
|
| 504 |
|
|
|a Includes bibliographical references (p. 263-275) and index.
|
| 505 |
0 |
|
|a The slant of the kitchen chair: reassessing Virginia Woolf's relationship to her nineteenth-century predecessors -- The etiquette of fiction -- The wrong side of the tapestry: Elizabeth Gaskell's Wives and daughters -- The bad woman writer--"prostituting culture and enslaving intellectual liberty": Virginia Woolf and Margaret Oliphant -- A softly, spiritually green damask: Margaret Oliphant's domestic genius -- Cool, lady-like, critical or ravishing, romantic, recalling some English field or harvest: Virginia Woolf's perfect hostess.
|
| 588 |
|
|
|a Description based on print version record.
|
| 600 |
1 |
0 |
|a Woolf, Virginia,
|d 1882-1941
|x Criticism and interpretation.
|
| 650 |
|
0 |
|a Domestic fiction, English
|x History and criticism.
|
| 650 |
|
0 |
|a Women and literature
|z England
|x History
|y 20th century.
|
| 655 |
|
7 |
|a Electronic books.
|2 local
|
| 710 |
2 |
|
|a Project Muse.
|e distributor
|
| 830 |
|
0 |
|a Book collections on Project MUSE.
|
| 856 |
4 |
0 |
|z Texto completo
|u https://projectmuse.uam.elogim.com/book/5210/
|
| 945 |
|
|
|a Project MUSE - Custom Collection
|
| 945 |
|
|
|a Project MUSE - Archive Complete Foundation
|
| 945 |
|
|
|a Project MUSE - Archive Literature Foundation
|